| 000 | 01702nam a22001817a 4500 | ||
|---|---|---|---|
| 003 | IT-MiCISF | ||
| 005 | 20200929162228.0 | ||
| 008 | 200929b ||||| |||| 00| 0 eng d | ||
| 040 | _cIT-MiCISF | ||
| 041 | _ait | ||
| 100 |
_aLucchini Fabio _958547 |
||
| 245 |
_aIl gioco d'azzardo problematico _bPolitiche e impatti sociali |
||
| 260 |
_aMilano _bFranco Angeli _c2020 |
||
| 300 | _app. 91 | ||
| 500 | _asocietà, gioco-d'azzardo | ||
| 520 | _aUn testo per gli studenti dei corsi di Sociologia, Scienza politica ed Economia, ma anche per i policymaker interessati a conoscere dati e acquisire metodologie per affrontare un tema al centro del dibattito pubblico. È ormai riconosciuto quanto siano rilevanti le ripercussioni economiche, psicologiche e relazionali dei comportamenti di gioco eccessivo sull'individuo e il suo ambiente sociale. Con l'aumento delle occasioni di gioco a partire dai primi anni Duemila, anche in Italia questo tema è assurto agli onori della cronaca, generando allarme sociale, mobilitando l'opinione pubblica e attivando i decisori politici a livello locale e nazionale. Partendo da queste premesse, il volume intende approfondire in maniera sistematica l'impatto del gioco d'azzardo problematico, riflettendo sulla riconosciuta associazione tra indicatori di posizione sociale e fenomeni connessi alla salute. Dopo un'attenta descrizione delle politiche sul gambling e un'analisi sociologica del profilo dei giocatori problematici, nel volume viene presentata la più recente ricerca italiana dedicata ai costi sociali del fenomeno (sanitari, di disoccupazione e mancata produttività, associati a suicidi, rotture familiari e problemi legali). | ||
| 942 |
_2ddc _cBK |
||
| 999 |
_c358944 _d358944 |
||